000
00258nam a2200097Ia 4500
008
240331s9999 xx 000 0 und d
082
_b
ANO
100
_a
Mohsin,N. ed
245
0
_a
Another world is possible :
_b
cultures of conflicst envisioning peace
942
_c
L
999
_c
4465
_d
4465